<?xml version="1.0" encoding="UTF-8"?>
<record
    xmlns:xsi="http://www.w3.org/2001/XMLSchema-instance"
    xsi:schemaLocation="http://www.loc.gov/MARC21/slim http://www.loc.gov/standards/marcxml/schema/MARC21slim.xsd"
    xmlns="http://www.loc.gov/MARC21/slim">

  <leader>01414nam0a22003011  4500</leader>
  <controlfield tag="001">v19\rc\1390092</controlfield>
  <controlfield tag="005">20250618093402.0</controlfield>
  <datafield tag="035" ind1=" " ind2=" ">
    <subfield code="a">(NLR Aleph) 004522736</subfield>
  </datafield>
  <datafield tag="090" ind1=" " ind2=" ">
    <subfield code="a">4883206</subfield>
    <subfield code="c">4883206</subfield>
  </datafield>
  <datafield tag="100" ind1=" " ind2=" ">
    <subfield code="a">20060512d1871    |||y0rusy50      ca</subfield>
  </datafield>
  <datafield tag="101" ind1="1" ind2=" ">
    <subfield code="a">rus</subfield>
    <subfield code="c">ger</subfield>
  </datafield>
  <datafield tag="102" ind1=" " ind2=" ">
    <subfield code="a">RU</subfield>
  </datafield>
  <datafield tag="105" ind1=" " ind2=" ">
    <subfield code="a">y   z   |||||</subfield>
  </datafield>
  <datafield tag="200" ind1="1" ind2=" ">
    <subfield code="a">&#x423;&#x447;&#x435;&#x43D;&#x438;&#x435; &#x43E;&#x431; &#x43E;&#x441;&#x43F;&#x43E;&#x43F;&#x440;&#x438;&#x432;&#x438;&#x432;&#x430;&#x43D;&#x438;&#x438;, &#x43E;&#x431;&#x449;&#x435;&#x434;&#x43E;&#x441;&#x442;&#x443;&#x43F;&#x43D;&#x43E; &#x438;&#x437;&#x43B;&#x43E;&#x436;&#x435;&#x43D;&#x43D;&#x43E;&#x435;</subfield>
    <subfield code="f">[&#x414;-&#x440; &#x411;&#x43E;&#x43D;]</subfield>
    <subfield code="g">&#x421; &#x43D;&#x435;&#x43C;. &#x43F;&#x435;&#x440;. &#x434;-&#x440; &#x41C;. &#x411;&#x43B;&#x443;&#x43C;&#x435;&#x43D;&#x444;&#x435;&#x43B;&#x44C;&#x434;</subfield>
  </datafield>
  <datafield tag="210" ind1=" " ind2=" ">
    <subfield code="a">&#x41C;&#x43E;&#x441;&#x43A;&#x432;&#x430;</subfield>
    <subfield code="c">&#x442;&#x438;&#x43F;. &#x410;.&#x418;. &#x41C;&#x430;&#x43C;&#x43E;&#x43D;&#x442;&#x43E;&#x432;&#x430; &#x438; &#x41A;&#xB0;</subfield>
    <subfield code="d">1871</subfield>
  </datafield>
  <datafield tag="215" ind1=" " ind2=" ">
    <subfield code="a">34 &#x441;.</subfield>
    <subfield code="d">17</subfield>
  </datafield>
  <datafield tag="300" ind1=" " ind2=" ">
    <subfield code="a">&#x410;&#x432;&#x442;. &#x443;&#x43A;&#x430;&#x437;&#x430;&#x43D; &#x432; &#x43F;&#x440;&#x435;&#x434;&#x438;&#x441;&#x43B;.</subfield>
  </datafield>
  <datafield tag="300" ind1=" " ind2=" ">
    <subfield code="a">&#x418;&#x437; &#x43F;&#x440;&#x435;&#x434;&#x438;&#x441;&#x43B;. &#x43F;&#x435;&#x440;&#x435;&#x432;&#x43E;&#x434;&#x447;&#x438;&#x43A;&#x430;: &#x41F;&#x440;&#x435;&#x434;&#x43B;&#x430;&#x433;&#x430;&#x435;&#x43C;&#x43E;&#x435; &#x440;&#x430;&#x441;&#x441;&#x443;&#x436;&#x434;&#x435;&#x43D;&#x438;&#x435; &#x447;&#x438;&#x442;. &#x431;&#x44B;&#x43B;&#x43E; &#x434;-&#x440;&#x43E;&#x43C; &#x411;&#x43E;&#x43D;&#x43E;&#x43C; (Bohn) &#x432; &#x441;&#x43E;&#x431;&#x440;&#x430;&#x43D;&#x438;&#x438; &#x41A;&#x435;&#x43D;&#x438;&#x433;&#x441;&#x431;&#x435;&#x440;&#x433;&#x43A;&#x441;&#x43A;. &#x43A;&#x443;&#x43F;&#x435;&#x447;&#x435;&#x441;&#x43A;. &#x43E;-&#x432;&#x430; &#x438; &#x432;&#x43E;&#x448;&#x43B;&#x43E; &#x432; &#x441;&#x43E;&#x441;&#x442;&#x430;&#x432; &#x438;&#x437;&#x432;&#x435;&#x441;&#x442;&#x43D;&#x43E;&#x433;&#x43E; "&#x421;&#x431;&#x43E;&#x440;&#x43D;&#x438;&#x43A;&#x430; &#x43F;&#x43E;&#x43F;&#x443;&#x43B;&#x44F;&#x440;&#x43D;&#x43E;-&#x43D;&#x430;&#x443;&#x447;&#x43D;&#x44B;&#x445; &#x447;&#x442;&#x435;&#x43D;&#x438;&#x439;", &#x438;&#x437;&#x434;. &#x43F;&#x440;&#x43E;&#x444;. &#x412;&#x438;&#x440;&#x445;&#x43E;&#x432;&#x44B;&#x43C; &#x438; &#x413;&#x43E;&#x43B;&#x44C;&#x446;&#x435;&#x43D;&#x434;&#x43E;&#x440;&#x444;&#x43E;&#x43C;"</subfield>
  </datafield>
  <datafield tag="700" ind1=" " ind2="1">
    <subfield code="a">&#x411;&#x43E;&#x43D;</subfield>
    <subfield code="b">&#x413;.</subfield>
    <subfield code="g">&#x413;&#x435;&#x43D;&#x440;&#x438;&#x445;</subfield>
  </datafield>
  <datafield tag="702" ind1=" " ind2="1">
    <subfield code="a">&#x411;&#x43B;&#x443;&#x43C;&#x435;&#x43D;&#x444;&#x435;&#x43B;&#x44C;&#x434;</subfield>
    <subfield code="b">&#x41C;.&#x418;.</subfield>
    <subfield code="f">1842-</subfield>
    <subfield code="g">&#x41C;&#x438;&#x445;&#x430;&#x438;&#x43B; &#x418;&#x43E;&#x441;&#x438;&#x444;&#x43E;&#x432;&#x438;&#x447;</subfield>
    <subfield code="4">730</subfield>
  </datafield>
  <datafield tag="801" ind1=" " ind2="0">
    <subfield code="a">RU</subfield>
    <subfield code="b">NLR</subfield>
    <subfield code="g">psbo</subfield>
  </datafield>
  <datafield tag="801" ind1=" " ind2="0">
    <subfield code="a">RU</subfield>
    <subfield code="b">RuMoRGB</subfield>
    <subfield code="2">psbo</subfield>
  </datafield>
  <datafield tag="801" ind1=" " ind2="1">
    <subfield code="a">RU</subfield>
    <subfield code="b">ProSoft-M</subfield>
    <subfield code="2">rusmarc</subfield>
  </datafield>
  <datafield tag="852" ind1=" " ind2=" ">
    <subfield code="a">NLR</subfield>
    <subfield code="j">18.118.6.182</subfield>
  </datafield>
  <datafield tag="899" ind1=" " ind2=" ">
    <subfield code="a">RuMoRGB</subfield>
    <subfield code="j">F 109/63</subfield>
  </datafield>
  <datafield tag="899" ind1=" " ind2=" ">
    <subfield code="a">RuMoRGB</subfield>
    <subfield code="j">S 34/570</subfield>
  </datafield>
  <datafield tag="942" ind1=" " ind2=" ">
    <subfield code="c">BOOK</subfield>
  </datafield>
  <datafield tag="980" ind1=" " ind2=" ">
    <subfield code="a">NB</subfield>
  </datafield>
  <datafield tag="995" ind1=" " ind2=" ">
    <subfield code="5">2013-10-26</subfield>
    <subfield code="b">NLR02</subfield>
    <subfield code="c">NLR02</subfield>
    <subfield code="e">RFS</subfield>
    <subfield code="f">1-4949972</subfield>
    <subfield code="k">18.118.6.182</subfield>
    <subfield code="o">0</subfield>
    <subfield code="r">BOOK</subfield>
    <subfield code="s">181186182_</subfield>
  </datafield>
</record>
